[Event "Montcalm VI 2015-16"]
[Site "Quebec CAN"]
[Date "2016.03.24"]
[Round "1"]
[White "Lacerte, Kevin"]
[Black "Pare, Marc"]
[Result "0-1"]
[WhiteElo "1509"]
[BlackElo "1807"]
[PlyCount "64"]
[EventDate "2016.03.24"]
[EventType "swiss"]
[EventRounds "5"]
[EventCountry "CAN"]

1. e4 d5 2. e5 c5 3. Bb5+ Nc6 4. f4 Bd7 5. Nf3 Nxe5 6. Bxd7+ Nxd7 7. O-O e6 8.
Nc3 Ne7 9. d4 Nc6 10. Be3 Be7 11. Ne2 O-O 12. Ng3 g6 13. c3 a6 14. Qd2 b5 15.
Ne5 cxd4 16. Nxc6 dxe3 17. Qxe3 Bc5 18. Nd4 Nb6 19. Nge2 Nc4 20. Qc1 Rc8 21.
Rf3 Nd6 22. Kh1 Ne4 23. Qg1 Qe7 24. Re1 b4 25. Ng3 f5 26. Nge2 Rfe8 27. g4 Kh8
28. Nc1 bxc3 29. bxc3 Bb6 30. Ncb3 e5 31. fxe5 Qxe5 32. Rfe3 f4 0-1

[Event "Montcalm VI 2015-16"]
[Site "Quebec CAN"]
[Date "2016.03.24"]
[Round "1"]
[White "Lessard, Claude"]
[Black "Berube, Antoine"]
[Result "1/2-1/2"]
[WhiteElo "2046"]
[BlackElo "2151"]
[PlyCount "53"]
[EventDate "2016.03.24"]
[EventType "swiss"]
[EventRounds "5"]
[EventCountry "CAN"]

1. d4 d5 2. c4 c6 3. Nc3 Nf6 4. e4 Nxe4 5. Nxe4 dxe4 6. a3 Bf5 7. Be3 e5 8.
dxe5 Qa5+ 9. Qd2 Qxe5 10. Bf4 Qe6 11. Ne2 Nd7 12. Nd4 Qf6 13. Bg5 Qg6 14. b4
Be7 15. Bxe7 Kxe7 16. Be2 Rhe8 17. Qf4 Be6 18. O-O Kf8 19. Rfd1 Nb6 20. Rac1
Kg8 21. Nb3 Qf6 22. Qxf6 gxf6 23. Nc5 Red8 24. Re1 Rd4 25. Nxb7 Bxc4 26. Na5
Bxe2 27. Rxe2 1/2-1/2

[Event "Montcalm VI 2015-16"]
[Site "Quebec CAN"]
[Date "2016.03.24"]
[Round "1"]
[White "Ripoll, Arthur"]
[Black "Le-Huu, Pascal"]
[Result "1-0"]
[WhiteElo "1677"]
[BlackElo "1202"]
[PlyCount "43"]
[EventDate "2016.03.24"]
[EventType "swiss"]
[EventRounds "5"]
[EventCountry "CAN"]

1. e4 e5 2. Nf3 Nc6 3. Bc4 Bc5 4. b4 Bxb4 5. c3 Be7 6. d4 d6 7. Qb3 Nh6 8. Bxh6
gxh6 9. Bxf7+ Kf8 10. Bh5 d5 11. exd5 Bd6 12. dxc6 Qe7 13. O-O bxc6 14. Nxe5
Be6 15. Qd1 Qg5 16. f4 Qf6 17. Nd2 Ke7 18. Ne4 Qf5 19. Qe2 Rhg8 20. Ng3 Qf6 21.
f5 Bd7 22. Ng4+ 1-0

[Event "Montcalm VI 2015-16"]
[Site "Quebec CAN"]
[Date "2016.03.31"]
[Round "2"]
[White "Cournoyer, Dominic"]
[Black "Lessard, Claude"]
[Result "0-1"]
[WhiteElo "1980"]
[BlackElo "2046"]
[PlyCount "34"]
[EventDate "2016.03.24"]
[EventType "swiss"]
[EventRounds "5"]
[EventCountry "CAN"]

1. c4 e5 2. Nc3 f5 3. g3 Nf6 4. Bg2 Nc6 5. Nf3 e4 6. Ng5 Bc5 7. O-O h6 8. Nh3
g5 9. d3 d5 10. cxd5 Nxd5 11. Nxd5 Qxd5 12. dxe4 Qxd1 13. Rxd1 fxe4 14. Kf1 O-O
15. e3 Bg4 16. Bd2 Rad8 17. Kg1 Bxd1 0-1

[Event "Montcalm VI 2015-16"]
[Site "Quebec CAN"]
[Date "2016.03.31"]
[Round "2"]
[White "Dube, Dominic"]
[Black "Auger, Bertrand"]
[Result "0-1"]
[WhiteElo "1839"]
[BlackElo "1903"]
[PlyCount "84"]
[EventDate "2016.03.24"]
[EventType "swiss"]
[EventRounds "5"]
[EventCountry "CAN"]

1. e4 Nf6 2. e5 Ng8 3. d4 d6 4. exd6 cxd6 5. Bd3 g6 6. Ne2 Bg7 7. O-O Nf6 8. c3
O-O 9. Bg5 Nbd7 10. Nd2 b6 11. c4 Bb7 12. d5 Ne5 13. Bc2 b5 14. b3 Rc8 15. cxb5
Nxd5 16. Rc1 Nb4 17. Bb1 Qd7 18. a3 Qg4 19. Ng3 Qxg5 20. f4 Qh4 21. fxe5 Qd4+
22. Kh1 Nd3 23. Bxd3 Qxd3 24. exd6 Qxd6 25. Rxc8 Rxc8 26. Nc4 Qc7 27. Qd2 Rd8
28. Qb4 h5 29. Re1 Bf6 30. Ne4 Bh4 31. g3 Bf6 32. Kg1 Bd4+ 33. Kf1 Qd7 34. Nf2
Qf5 35. Qd2 Qf3 36. Qf4 Qg2+ 37. Ke2 Bf6 38. h4 Rd4 39. Qb8+ Kg7 40. Qxa7 Re4+
41. Kd1 Qf3+ 42. Kd2 Qc3+ 0-1

[Event "Montcalm VI 2015-16"]
[Site "Quebec CAN"]
[Date "2016.03.31"]
[Round "2"]
[White "Leblanc-Legault, Mathieu"]
[Black "Lacerte, Kevin"]
[Result "0-1"]
[WhiteElo "1632"]
[BlackElo "1509"]
[PlyCount "116"]
[EventDate "2016.03.24"]
[EventType "swiss"]
[EventRounds "5"]
[EventCountry "CAN"]

1. Nf3 d6 2. d4 Nf6 3. c4 c5 4. d5 b5 5. cxb5 a6 6. e3 g6 7. Nc3 Bg7 8. Qb3
axb5 9. Bxb5+ Bd7 10. O-O O-O 11. Rd1 Qb6 12. Bc4 Qc7 13. h3 Bf5 14. Nd2 Na6
15. e4 Rfb8 16. Nb5 Rxb5 17. Bxb5 Nxe4 18. Qc4 Nxd2 19. Rxd2 Nb4 20. g4 Bc8 21.
a3 e6 22. Qe2 Nxd5 23. Rxd5 exd5 24. Qe8+ Bf8 25. Qc6 Qa5 26. Bf4 Rb8 27. a4
Bb7 28. Qd7 Qd8 29. Qxd8 Rxd8 30. a5 d4 31. b4 Bg7 32. Bd3 Bd5 33. Rc1 cxb4 34.
Bd2 b3 35. Bb4 Be5 36. Ba3 Rb8 37. Bb2 Kf8 38. Re1 Re8 39. Kf1 Bf4 40. Rxe8+
Kxe8 41. Bxd4 Bc1 42. Ke2 b2 43. Bb1 Kd7 44. Kd3 f5 45. gxf5 gxf5 46. Kc2 Be4+
47. Kb3 Bxb1 48. f3 Bd3 49. Bxb2 Bxb2 50. Kxb2 Kc6 51. Kc3 Bb5 52. Kd4 h5 53.
Ke3 Kd5 54. Kf4 Ke6 55. Ke3 Ke5 56. f4+ Kd5 57. Kf2 h4 58. Ke3 Kc4 0-1

[Event "Montcalm VI 2015-16"]
[Site "Quebec CAN"]
[Date "2016.03.31"]
[Round "2"]
[White "Pare, Marc"]
[Black "Dube, Daniel"]
[Result "1-0"]
[WhiteElo "1807"]
[BlackElo "1831"]
[PlyCount "95"]
[EventDate "2016.03.24"]
[EventType "swiss"]
[EventRounds "5"]
[EventCountry "CAN"]

1. e4 c5 2. c3 Nf6 3. e5 Nd5 4. d4 cxd4 5. Qxd4 e6 6. Bc4 Nc6 7. Qe4 d6 8. Nf3
dxe5 9. Nxe5 f5 10. Qe2 Nxe5 11. Qxe5 Qd6 12. Qe2 Be7 13. O-O O-O 14. Na3 a6
15. Nc2 Bf6 16. Bd2 Bd7 17. Rad1 Rae8 18. Bc1 Qc7 19. Nd4 Kh8 20. Bb3 g6 21.
Rd3 e5 22. Bxd5 exd4 23. Qf3 dxc3 24. bxc3 Bb5 25. c4 Bxc4 26. Bxc4 Qxc4 27.
Rd7 Re4 28. Rxb7 Rfe8 29. Bd2 Qxa2 30. Bc3 Qe6 31. g3 Qc6 32. Bxf6+ Qxf6 33.
Qb3 Qe6 34. Qb2+ Qe5 35. Qa2 Qf6 36. Qb3 R4e6 37. Rc1 Re1+ 38. Rxe1 Rxe1+ 39.
Kg2 Qe6 40. Qc3+ Qe5 41. Qc8+ Qe8 42. Qc7 Qe4+ 43. f3 Re2+ 44. Kh3 Rxh2+ 45.
Kxh2 Qe2+ 46. Kh3 Qf1+ 47. Kh4 Qh1+ 48. Kg5 1-0

[Event "Montcalm VI 2015-16"]
[Site "Quebec CAN"]
[Date "2016.03.31"]
[Round "2"]
[White "Sarra-Bournet, Marc"]
[Black "Ripoll, Arthur"]
[Result "1-0"]
[WhiteElo "1891"]
[BlackElo "1677"]
[PlyCount "43"]
[EventDate "2016.03.24"]
[EventType "swiss"]
[EventRounds "5"]
[EventCountry "CAN"]

1. e4 e5 2. Nf3 Nc6 3. Bb5 f5 4. Bxc6 dxc6 5. exf5 e4 6. Qe2 Bxf5 7. d4 Qe7 8.
Ne5 O-O-O 9. Be3 Nf6 10. O-O g5 11. c3 h5 12. Bxg5 h4 13. Nd2 Bh6 14. Nxe4 Bxe4
15. Qxe4 Bxg5 16. Qf5+ Kb8 17. Qxg5 Rh5 18. Qg6 Ka8 19. Rfe1 Rg8 20. Qf7 Qd6
21. Ng4 Qf4 22. Qxg8+ 1-0

[Event "Montcalm VI 2015-16"]
[Site "Quebec CAN"]
[Date "2016.04.07"]
[Round "3"]
[White "Auger, Bertrand"]
[Black "Berube, Antoine"]
[Result "1/2-1/2"]
[WhiteElo "1903"]
[BlackElo "2151"]
[PlyCount "62"]
[EventDate "2016.03.24"]
[EventType "swiss"]
[EventRounds "5"]
[EventCountry "CAN"]

1. Nf3 d5 2. g3 c6 3. Bg2 Bg4 4. O-O Nd7 5. d4 Ngf6 6. Nbd2 e6 7. c4 Bd6 8. Re1
O-O 9. e4 Nxe4 10. Nxe4 dxe4 11. Rxe4 Nf6 12. Re1 h6 13. Qb3 Qb6 14. Qxb6 axb6
15. Bd2 Ra4 16. b3 Ra3 17. Ne5 Rfa8 18. Nxg4 Nxg4 19. Bc3 Rxa2 20. Rxa2 Rxa2
21. Ra1 Rxf2 22. h3 Rc2 23. Ra8+ Bf8 24. Bb4 c5 25. dxc5 Rc1+ 26. Bf1 Ne3 27.
Rxf8+ Kxf8 28. c6+ Ke8 29. cxb7 Rxf1+ 30. Kh2 Rf2+ 31. Kg1 Rf1+ 1/2-1/2

[Event "Montcalm VI 2015-16"]
[Site "Quebec CAN"]
[Date "2016.04.07"]
[Round "3"]
[White "Couture, Francois"]
[Black "Stoyanova, Stela"]
[Result "0-1"]
[WhiteElo "1305"]
[BlackElo "1453"]
[PlyCount "114"]
[EventDate "2016.03.24"]
[EventType "swiss"]
[EventRounds "5"]
[EventCountry "CAN"]

1. d4 e6 2. Bf4 f5 3. h3 Nf6 4. Nf3 d6 5. e3 Be7 6. Bd3 O-O 7. Nbd2 Qe8 8. O-O
Nd5 9. Bg5 Bxg5 10. Nxg5 Rf6 11. c3 Rh6 12. Re1 Rh5 13. f4 h6 14. Ngf3 Qg6 15.
h4 Nf6 16. Nf1 b6 17. Be2 Bb7 18. g3 Bxf3 19. Bxf3 d5 20. Bxh5 Nxh5 21. Qf3 Nd7
22. Re2 Ndf6 23. Rg2 Rc8 24. Kh1 Ng4 25. Nh2 Nhf6 26. Nxg4 fxg4 27. Qe2 Qe4 28.
Rf1 Qf5 29. Qc2 Ne4 30. c4 Nxg3+ 31. Kg1 Nxf1 32. Qxf5 exf5 33. Kxf1 dxc4 34.
Rc2 b5 35. b3 cxb3 36. axb3 Kf7 37. Ke2 Ke6 38. Rc5 a6 39. Rc6+ Kd7 40. Rxa6
Rg8 41. Ra5 c6 42. Ra7+ Kd6 43. b4 g5 44. hxg5 hxg5 45. fxg5 Rxg5 46. Kf2 Kd5
47. Re7 Kc4 48. Kg3 Kxb4 49. Kf4 g3 50. Kxg5 g2 51. Kxf5 g1=Q 52. Re4 Kc3 53.
Re6 Qf2+ 54. Ke4 Qg2+ 55. Kf4 b4 56. e4 Kxd4 57. e5 Qe4+ 0-1

[Event "Montcalm VI 2015-16"]
[Site "Quebec CAN"]
[Date "2016.04.07"]
[Round "3"]
[White "Fecteau, Martin"]
[Black "Cournoyer, Dominic"]
[Result "0-1"]
[WhiteElo "1886"]
[BlackElo "1980"]
[PlyCount "88"]
[EventDate "2016.03.24"]
[EventType "swiss"]
[EventRounds "5"]
[EventCountry "CAN"]

1. Nf3 d5 2. g3 c5 3. Bg2 Nf6 4. c4 dxc4 5. Qa4+ Bd7 6. Qxc4 Nc6 7. O-O e6 8.
d3 b5 9. Qc2 Bd6 10. b3 O-O 11. Bb2 Rc8 12. Na3 Nb4 13. Qd2 h6 14. Rfc1 Bc6 15.
Nc2 Nxc2 16. Rxc2 Qe7 17. Rac1 e5 18. e4 Rfd8 19. Qe2 Bb7 20. Nd2 Nd7 21. Nf1
Nb6 22. Ne3 g6 23. Ng4 h5 24. Ne3 Qd7 25. Rd1 Bb8 26. g4 hxg4 27. Nxg4 Qe6 28.
Bh3 f5 29. Ne3 Rd7 30. exf5 gxf5 31. Bxf5 Rg7+ 32. Kf1 Qc6 33. Be4 Qh6 34. Bxb7
Qxh2 35. Ke1 Rxb7 36. Qg4+ Rg7 37. Qe6+ Kh7 38. Qf5+ Kg8 39. Nf1 Qh4 40. Ng3
Rf8 41. Qe6+ Kh7 42. Ne4 Rg1+ 43. Ke2 Qh5+ 44. Ke3 Qf3+ 0-1

[Event "Montcalm VI 2015-16"]
[Site "Quebec CAN"]
[Date "2016.04.07"]
[Round "3"]
[White "Gingras, Philippe"]
[Black "Pare, Marc"]
[Result "1/2-1/2"]
[WhiteElo "1782"]
[BlackElo "1807"]
[PlyCount "122"]
[EventDate "2016.03.24"]
[EventType "swiss"]
[EventRounds "5"]
[EventCountry "CAN"]

1. d4 Nf6 2. Bg5 d5 3. Bxf6 exf6 4. e3 Bd6 5. c4 dxc4 6. Bxc4 O-O 7. Nc3 c6 8.
Nf3 Bg4 9. h3 Bh5 10. O-O Nd7 11. Bd3 Re8 12. Rc1 Nf8 13. Ne4 Bc7 14. Nc5 Rb8
15. a3 Qd6 16. Re1 Ne6 17. Ne4 Qd5 18. b4 a6 19. Nc5 Ng5 20. Be2 Qd6 21. h4
Nxf3+ 22. Bxf3 Qh2+ 23. Kf1 Qh1+ 24. Ke2 Bxf3+ 25. gxf3 Qxh4 26. Rh1 Qg5 27.
Qd3 Qg6 28. Qd2 f5 29. Rcg1 Qd6 30. Qd3 Qd5 31. Rh5 Bb6 32. Rxf5 Qa2+ 33. Kf1
Bxc5 34. Rxc5 g6 35. Rc2 Qe6 36. Ke2 Rbd8 37. Rg4 f5 38. Rg2 Kg7 39. f4 Qf6 40.
Kf1 Rd5 41. Rc5 Red8 42. Rg1 Qe6 43. Kg2 Rxc5 44. bxc5 Qd5+ 45. Kh2 Qxc5 46.
Qb1 Qe7 47. Qxf5 Qh4+ 48. Qh3 Qxf2+ 49. Rg2 Qe1 50. Qe6 Qh4+ 51. Kg1 Qf6 52.
Qe4 Rd5 53. Rb2 Rb5 54. Rxb5 axb5 55. Qe8 Qd6 56. Qc8 Qe7 57. Kf2 h5 58. Kf3
Kf6 59. Qh8+ Kf5 60. Qc8+ Kf6 61. Qh8+ Kf5 1/2-1/2

[Event "Montcalm VI 2015-16"]
[Site "Quebec CAN"]
[Date "2016.04.07"]
[Round "3"]
[White "Lessard, Claude"]
[Black "Dube, Dominic"]
[Result "1-0"]
[WhiteElo "2046"]
[BlackElo "1839"]
[PlyCount "63"]
[EventDate "2016.03.24"]
[EventType "swiss"]
[EventRounds "5"]
[EventCountry "CAN"]

1. d4 c6 2. c4 d5 3. Nc3 Nf6 4. Nf3 e6 5. Bg5 Be7 6. e3 Qb6 7. Qc2 dxc4 8. Bxc4
Nbd7 9. O-O O-O 10. e4 Re8 11. Bd3 g6 12. h3 Nh5 13. Be3 Qd8 14. Rad1 b6 15. e5
Bb7 16. Nh2 Qc8 17. Ng4 Bf8 18. Ne4 c5 19. dxc5 Bxc5 20. Bxc5 bxc5 21. Nd6 Qc7
22. Nxe8 Rxe8 23. Be4 Ba6 24. Rfe1 Bb5 25. a4 Ba6 26. Qd2 Nb6 27. Bf3 Qe7 28.
b3 c4 29. a5 Na8 30. bxc4 Bxc4 31. Qd7 Kg7 32. Qxe7 1-0

[Event "Montcalm VI 2015-16"]
[Site "Quebec CAN"]
[Date "2016.04.07"]
[Round "3"]
[White "Ripoll, Arthur"]
[Black "Lacerte, Kevin"]
[Result "1-0"]
[WhiteElo "1677"]
[BlackElo "1509"]
[PlyCount "53"]
[EventDate "2016.03.24"]
[EventType "swiss"]
[EventRounds "5"]
[EventCountry "CAN"]

1. e4 c5 2. Nf3 d6 3. d4 cxd4 4. Nxd4 Nf6 5. Nc3 a6 6. f3 h5 7. Be3 e5 8. Nb3
Be6 9. Qd2 Nbd7 10. Be2 b5 11. O-O-O Nb6 12. Na5 Nc4 13. Nxc4 bxc4 14. Nd5 Bxd5
15. exd5 Qc7 16. Qc3 Rc8 17. h3 h4 18. Rhg1 Nh5 19. g4 hxg3 20. f4 Nxf4 21. Bg4
Rb8 22. Rxg3 f5 23. Bf3 Rh4 24. Re1 Kd8 25. Rg5 e4 26. Rxf5 Qb7 27. Rxf8+ 1-0

[Event "Montcalm VI 2015-16"]
[Site "Quebec CAN"]
[Date "2016.04.14"]
[Round "4"]
[White "Cournoyer, Dominic"]
[Black "Auger, Bertrand"]
[Result "1-0"]
[WhiteElo "1980"]
[BlackElo "1903"]
[PlyCount "119"]
[EventDate "2016.03.24"]
[EventType "swiss"]
[EventRounds "5"]
[EventCountry "CAN"]

1. c4 Nf6 2. Nc3 b6 3. Nf3 Bb7 4. g3 e6 5. Bg2 c5 6. O-O Be7 7. d4 cxd4 8. Nb5
a6 9. Nbxd4 O-O 10. b3 d6 11. Bb2 Nbd7 12. Rc1 Rc8 13. e3 Rc7 14. Qe2 Qa8 15.
Nh4 Ne4 16. Nhf3 Ndf6 17. Rfd1 Ng4 18. Rf1 Bf6 19. h3 Nh6 20. Ne1 e5 21. Ndf3
Nf5 22. Kh2 Rfc8 23. Nd2 d5 24. Nxe4 dxe4 25. Nc2 a5 26. Rfd1 Rd8 27. Rxd8+
Qxd8 28. Rd1 Rd7 29. Rxd7 Qxd7 30. Na3 Ne7 31. Nb5 Bc8 32. Nc3 g6 33. Nxe4 Bg7
34. Qd2 Qxd2 35. Nxd2 f5 36. e4 Kf7 37. Kg1 Ke6 38. Kf1 Bh6 39. exf5+ gxf5 40.
Ke2 Bd7 41. Nf3 Nc6 42. Ne1 e4 43. f3 exf3+ 44. Bxf3 Ne5 45. Bd5+ Kd6 46. Ba3+
Kc7 47. Nf3 Nxf3 48. Bxf3 Bg7 49. g4 Bf6 50. Bc1 Be6 51. Bf4+ Kd8 52. Kd3 Bd7
53. g5 Bg7 54. h4 Bb2 55. Bd5 Be8 56. Bg8 h6 57. gxh6 Bc6 58. Bd5 Be8 59. Be3
Kc7 60. Bd4 1-0

[Event "Montcalm VI 2015-16"]
[Site "Quebec CAN"]
[Date "2016.04.14"]
[Round "4"]
[White "Dube, Daniel"]
[Black "Le-Huu, Pascal"]
[Result "1-0"]
[WhiteElo "1831"]
[BlackElo "1202"]
[PlyCount "65"]
[EventDate "2016.03.24"]
[EventType "swiss"]
[EventRounds "5"]
[EventCountry "CAN"]

1. e4 e5 2. Nf3 Nc6 3. d4 exd4 4. Bc4 Be7 5. c3 d6 6. Qb3 Nh6 7. Bxh6 gxh6 8.
Bxf7+ Kf8 9. Bh5 d5 10. Qxd5 Qxd5 11. exd5 dxc3 12. Nxc3 Nb4 13. O-O Rg8 14.
Nd4 Rg5 15. Bf3 Bh3 16. Kh1 Bd7 17. Be4 Kg7 18. a3 Na6 19. f4 Rg4 20. Bf5 Bxf5
21. Nxf5+ Kf6 22. Nxe7 Kxe7 23. Rae1+ Kd7 24. Ne4 Rf8 25. g3 Nb8 26. Nc5+ Kc8
27. Re7 Rg6 28. Ne6 Rxe6 29. dxe6 Rh8 30. f5 Nc6 31. f6 Nxe7 32. fxe7 Re8 33.
Rf8 1-0

[Event "Montcalm VI 2015-16"]
[Site "Quebec CAN"]
[Date "2016.04.14"]
[Round "4"]
[White "Dube, Dominic"]
[Black "Berube, Antoine"]
[Result "0-1"]
[WhiteElo "1839"]
[BlackElo "2151"]
[PlyCount "79"]
[EventDate "2016.03.24"]
[EventType "swiss"]
[EventRounds "5"]
[EventCountry "CAN"]

1. e4 c5 2. Nf3 d6 3. d4 cxd4 4. Nxd4 Nf6 5. Nc3 a6 6. g3 e5 7. Nb3 Be7 8. Bg5
Nbd7 9. Qd2 O-O 10. f3 Qc7 11. O-O-O b5 12. Be3 Bb7 13. g4 b4 14. Nd5 Nxd5 15.
exd5 Rfc8 16. Qg2 a5 17. Bd3 a4 18. Qh3 g6 19. Nd2 b3 20. axb3 axb3 21. Nxb3
Bxd5 22. Kd2 Qb7 23. g5 Be6 24. Qh6 Bxb3 25. cxb3 Qxb3 26. Ke2 Ra2 27. Rd2 Rxb2
28. Rhd1 Nc5 29. Rxb2 Qxb2+ 30. Rd2 Qb3 31. Bc2 Qc4+ 32. Ke1 Ra8 33. f4 Ra1+
34. Rd1 Qxc2 35. Rxa1 Qc3+ 36. Kf2 Qxa1 37. fxe5 Qb2+ 38. Kf3 Qxe5 39. Qh4 Qf5+
40. Ke2 0-1

[Event "Montcalm VI 2015-16"]
[Site "Quebec CAN"]
[Date "2016.04.14"]
[Round "4"]
[White "Dumont, Eric"]
[Black "Gingras, Philippe"]
[Result "1-0"]
[WhiteElo "1675"]
[BlackElo "1782"]
[PlyCount "72"]
[EventDate "2016.03.24"]
[EventType "swiss"]
[EventRounds "5"]
[EventCountry "CAN"]

1. d4 d5 2. Bf4 c5 3. e3 Nc6 4. Nf3 Qb6 5. Nc3 Nf6 6. Nb5 e5 7. dxe5 a6 8. exf6
axb5 9. Qxd5 Be6 10. Qe4 gxf6 11. Be2 Rd8 12. Nh4 Be7 13. Bh6 Bf8 14. Bxf8 Kxf8
15. Qf4 Nb4 16. O-O Nd5 17. Qh6+ Ke7 18. e4 Nb4 19. c3 Nc6 20. Rad1 c4 21. Rxd8
Rxd8 22. Qxh7 Rd2 23. Ng6+ Kd8 24. Nf4 Rxb2 25. Rd1+ Kc8 26. Qh8+ Kc7 27. Qxf6
Qc5 28. h4 Rxa2 29. h5 Rxe2 30. Nxe2 Qxh5 31. Qf4+ Kc8 32. Rd2 Ne5 33. Qf6 Nd3
34. Nf4 Qg4 35. Nxd3 Qxe4 36. Qe5 Qg6 1-0

[Event "Montcalm VI 2015-16"]
[Site "Quebec CAN"]
[Date "2016.04.14"]
[Round "4"]
[White "Stoyanova, Stela"]
[Black "Pare, Marc"]
[Result "0-1"]
[WhiteElo "1453"]
[BlackElo "1807"]
[PlyCount "46"]
[EventDate "2016.03.24"]
[EventType "swiss"]
[EventRounds "5"]
[EventCountry "CAN"]

1. Nf3 d5 2. d4 Nf6 3. g3 e6 4. Bg2 Be7 5. O-O O-O 6. c3 Nbd7 7. Nbd2 b6 8. Qc2
Bb7 9. a4 c5 10. Ne5 cxd4 11. cxd4 Rc8 12. Qd3 Nb8 13. h3 Na6 14. Rb1 Nb4 15.
Qb3 Ba6 16. Re1 Nc2 17. Kf1 Nxd4 18. Qe3 Nc2 19. Qf4 Nxe1 20. Kxe1 Qc7 21. Ndf3
Qc2 22. Nd4 Bb4+ 23. Kf1 Qd1# 0-1

[Event "Montcalm VI 2015-16"]
[Site "Quebec CAN"]
[Date "2016.04.21"]
[Round "5"]
[White "Auger, Bertrand"]
[Black "Lessard, Claude"]
[Result "1-0"]
[WhiteElo "1903"]
[BlackElo "2046"]
[PlyCount "48"]
[EventDate "2016.03.24"]
[EventType "swiss"]
[EventRounds "5"]
[EventCountry "CAN"]

1. Nf3 d5 2. g3 c5 3. Bg2 Nc6 4. d4 cxd4 5. Nxd4 e5 6. Nxc6 bxc6 7. c4 Nf6 8.
O-O Rb8 9. Nc3 d4 10. Bxc6+ Bd7 11. Bxd7+ Qxd7 12. Na4 Bb4 13. a3 Be7 14. b4
O-O 15. Bg5 Rfd8 16. Bxf6 Bxf6 17. Nc5 Qc6 18. Qd3 Be7 19. Qe4 Qxe4 20. Nxe4 f5
21. Nd2 d3 22. e4 fxe4 23. Nxe4 Rd4 24. Nd2 Bg5 1-0

[Event "Montcalm VI 2015-16"]
[Site "Quebec CAN"]
[Date "2016.04.21"]
[Round "5"]
[White "Berube, Antoine"]
[Black "Cournoyer, Dominic"]
[Result "1-0"]
[WhiteElo "2151"]
[BlackElo "1980"]
[PlyCount "67"]
[EventDate "2016.03.24"]
[EventType "swiss"]
[EventRounds "5"]
[EventCountry "CAN"]

1. c4 c6 2. Nf3 d5 3. d4 e6 4. Qc2 f5 5. Bf4 Nf6 6. e3 Be7 7. Nc3 O-O 8. h3 Bd7
9. Ne5 Be8 10. g4 Ne4 11. gxf5 Nxc3 12. Qxc3 Na6 13. O-O-O Bh5 14. f3 Rxf5 15.
Rg1 Rc8 16. c5 Bg5 17. Bd3 Rxf4 18. exf4 Bxf4+ 19. Kb1 Qf6 20. Rde1 Nc7 21. Qc2
h6 22. Qb3 Nb5 23. Bxb5 cxb5 24. Qxb5 b6 25. Qd7 Rd8 26. Qxa7 bxc5 27. Qxc5
Qf5+ 28. Ka1 Ra8 29. Qc6 Ra7 30. Qb6 Re7 31. Qd8+ Re8 32. Qd7 g5 33. Ng4 Qg6
34. Qxe8+ 1-0

[Event "Montcalm VI 2015-16"]
[Site "Quebec CAN"]
[Date "2016.04.21"]
[Round "5"]
[White "Fecteau, Martin"]
[Black "Dube, Dominic"]
[Result "1-0"]
[WhiteElo "1886"]
[BlackElo "1839"]
[PlyCount "31"]
[EventDate "2016.03.24"]
[EventType "swiss"]
[EventRounds "5"]
[EventCountry "CAN"]

1. Nf3 c6 2. c4 d5 3. e3 Nf6 4. Nc3 Bg4 5. Be2 e6 6. Qb3 Qc7 7. d4 Nbd7 8. h3
Bh5 9. cxd5 exd5 10. Bd2 Bg6 11. Nh4 Be4 12. O-O g5 13. f3 Rg8 14. fxe4 gxh4
15. e5 Ne4 16. Nxe4 1-0

[Event "Montcalm VI 2015-16"]
[Site "Quebec CAN"]
[Date "2016.04.21"]
[Round "5"]
[White "Pare, Marc"]
[Black "Sarra-Bournet, Marc"]
[Result "1-0"]
[WhiteElo "1807"]
[BlackElo "1891"]
[PlyCount "65"]
[EventDate "2016.03.24"]
[EventType "swiss"]
[EventRounds "5"]
[EventCountry "CAN"]

1. e4 e5 2. Nf3 Nc6 3. Bc4 Bc5 4. b4 Bxb4 5. c3 Ba5 6. d4 exd4 7. O-O d6 8.
cxd4 Nf6 9. d5 Ne5 10. Nxe5 dxe5 11. Ba3 Bd7 12. Nd2 b5 13. Bd3 b4 14. Bb2 O-O
15. Bxe5 Ng4 16. Bb2 Bb6 17. h3 Nxf2 18. Rxf2 Qg5 19. Nf3 Bxf2+ 20. Kxf2 Qh5
21. Rc1 Qh6 22. Bb1 a5 23. e5 Bb5 24. Qd4 c6 25. Rc5 Rad8 26. d6 Rfe8 27. Bc1
Qe6 28. Ng5 Qd7 29. Bxh7+ Kf8 30. Qh4 Rxe5 31. Rxe5 Qxd6 32. Nf3 Qd1 33. Qe7#
1-0

[Event "Montcalm VI 2015-16"]
[Site "Quebec CAN"]
[Date "2016.04.21"]
[Round "5"]
[White "Stoyanova, Stela"]
[Black "Dumont, Eric"]
[Result "0-1"]
[WhiteElo "1453"]
[BlackElo "1675"]
[PlyCount "88"]
[EventDate "2016.03.24"]
[EventType "swiss"]
[EventRounds "5"]
[EventCountry "CAN"]

1. Nf3 d5 2. e3 Nc6 3. b3 Nf6 4. Bb2 g6 5. d4 Bg7 6. Be2 O-O 7. O-O Bg4 8. Ne5
Bxe2 9. Qxe2 Nxe5 10. dxe5 Nd7 11. f4 c5 12. c4 dxc4 13. Qxc4 e6 14. Na3 a6 15.
Rad1 Qe7 16. Nc2 Rfd8 17. Qe4 Nb6 18. Ba3 Nd5 19. Qc4 Rac8 20. Bc1 b5 21. Qe2
Nc3 22. Rxd8+ Rxd8 23. Qf3 Qd7 24. e4 Qd3 25. Ne1 Qxf3 26. Nxf3 Nxe4 27. g3 Nc3
28. Be3 Bf8 29. a4 Rd3 30. Bd2 b4 31. Kf2 Ne4+ 32. Ke2 Rxb3 33. Rd1 c4 34. Be1
c3 35. Nd4 Rb2+ 36. Kd3 Nc5+ 37. Kc4 Nxa4 38. Ra1 Nc5 39. Ra5 Rxh2 40. Rxc5
Bxc5 41. Kxc5 a5 42. Kc4 c2 43. Nxc2 Rxc2+ 44. Kb3 Re2 0-1

[Event "Montcalm VII 2015-16"]
[Site "Quebec CAN"]
[Date "2016.04.28"]
[Round "1"]
[White "Leblanc-Legault, Mathieu"]
[Black "Lapierre, Gaetan"]
[Result "1/2-1/2"]
[WhiteElo "1600"]
[BlackElo "1918"]
[PlyCount "85"]
[EventDate "2016.04.28"]
[EventType "swiss"]
[EventRounds "5"]
[EventCountry "CAN"]

1. e3 e5 2. d4 exd4 3. exd4 Nf6 4. Bd3 d5 5. Bf4 Be7 6. h3 O-O 7. Nf3 Re8 8.
O-O Nbd7 9. Nbd2 Nf8 10. Re1 Ne6 11. Bh2 c5 12. c3 Qb6 13. Qb3 Qxb3 14. axb3
cxd4 15. Nxd4 Nxd4 16. cxd4 Bd7 17. Nf3 a6 18. Rac1 Bb4 19. Rxe8+ Rxe8 20. Bf4
Rc8 21. Rd1 Ne4 22. Ne5 Bb5 23. Bxb5 axb5 24. f3 Nf6 25. Nd3 Be7 26. Rc1 Rxc1+
27. Nxc1 Nd7 28. Na2 Bf6 29. Be3 Nb8 30. Nc3 Nc6 31. Nxb5 Na5 32. Nc7 Nxb3 33.
Nxd5 Bxd4 34. Bxd4 Nxd4 35. Kf2 Kf8 36. Ke3 Ne6 37. Kd3 Ke8 38. Kc4 Kd7 39. Kb5
Kd6 40. Ne3 Kc7 41. Nd5+ Kd6 42. Ne3 Kc7 43. Nd5+ 1/2-1/2

[Event "Montcalm VII 2015-16"]
[Site "Quebec CAN"]
[Date "2016.04.28"]
[Round "1"]
[White "Ripoll, Arthur"]
[Black "Belanger, Martin"]
[Result "1-0"]
[WhiteElo "1689"]
[BlackElo "1299"]
[PlyCount "39"]
[EventDate "2016.04.28"]
[EventType "swiss"]
[EventRounds "5"]
[EventCountry "CAN"]

1. e4 e5 2. Nf3 Nc6 3. Bc4 Bc5 4. b4 Bxb4 5. c3 Ba5 6. d4 exd4 7. O-O dxc3 8.
Qb3 d5 9. exd5 Nce7 10. d6 Be6 11. Bxe6 fxe6 12. dxe7 Qxe7 13. Qb5+ c6 14. Qxa5
Nf6 15. Ba3 Qd7 16. Nxc3 b6 17. Qa6 c5 18. Rad1 Qe7 19. Qb5+ Nd7 20. Ne5 1-0

[Event "Montcalm VII 2015-16"]
[Site "Quebec CAN"]
[Date "2016.05.05"]
[Round "2"]
[White "Gingras, Philippe"]
[Black "Le-Huu, Pascal"]
[Result "1-0"]
[WhiteElo "1757"]
[BlackElo "1264"]
[PlyCount "39"]
[EventDate "2016.04.28"]
[EventType "swiss"]
[EventRounds "5"]
[EventCountry "CAN"]

1. d4 d5 2. Nf3 Nc6 3. Bf4 Bf5 4. c3 Nf6 5. e3 e6 6. Bb5 a6 7. Ba4 b5 8. Bc2
Bxc2 9. Qxc2 Bd6 10. Bg3 b4 11. Qa4 Qd7 12. Bxd6 Qxd6 13. Ne5 O-O 14. Qxc6 bxc3
15. Nxc3 Qb4 16. Nd3 Qe7 17. O-O Ng4 18. h3 Nf6 19. Rac1 Ne8 20. Qxa8 1-0